Southville International School and Colleges
Your cart is empty.
  • Cart
  • Lists
    Public lists Eva Luna New books Lux_list list_1
    Your lists Log in to create your own lists
  • Log in to your account
  • Your cookies
  • Search history
Southville International School and Colleges
  • Advanced search
  • Recent comments
  • Most popular
  • Libraries

Log in to your account

Log in with GOOGLE


If you do not have an external account, but do have a local account, you can still log in:

  1. Home
  2. MARC view: How to become a successful Filipino Christian :
Normal view MARC view ISBD view

How to become a successful Filipino Christian : (Record no. 17014)

[ view plain ]
MARC details
000 -LEADER
fixed length control field 01180cam a22003377a 4500
001 - CONTROL NUMBER
control field 14335733
003 - CONTROL NUMBER IDENTIFIER
control field OSt
005 - DATE AND TIME OF LATEST TRANSACTION
control field 20140310182855.0
008 - FIXED-LENGTH DATA ELEMENTS--GENERAL INFORMATION
fixed length control field 050323s1999 ph a b 000 0 eng
010 ## - LIBRARY OF CONGRESS CONTROL NUMBER
LC control number 2003532774
020 ## - INTERNATIONAL STANDARD BOOK NUMBER
International Standard Book Number 9715902987
040 ## - CATALOGING SOURCE
Original cataloging agency DLC
Transcribing agency DLC
042 ## - AUTHENTICATION CODE
Authentication code lcode
043 ## - GEOGRAPHIC AREA CODE
Geographic area code a-ph---
050 00 - LIBRARY OF CONGRESS CALL NUMBER
Classification number BV4501.2
Item number .An56 1999
082 ## - DEWEY DECIMAL CLASSIFICATION NUMBER
Classification number F 230
Item number An2 1999
100 1# - MAIN ENTRY--PERSONAL NAME
Personal name Andres, Tomas Quintin D.,
Dates associated with a name 1942-
245 10 - TITLE STATEMENT
Title How to become a successful Filipino Christian :
Remainder of title a sequel to new dimension in Philippine Christianity /
Statement of responsibility, etc Andres, Tomas Quintin D.
246 30 - VARYING FORM OF TITLE
Title proper/short title Filipino Christian
246 18 - VARYING FORM OF TITLE
Title proper/short title How to become a Filipino Christian
260 ## - PUBLICATION, DISTRIBUTION, ETC. (IMPRINT)
Place of publication, distribution, etc Pasay City, Philippines :
Name of publisher, distributor, etc Paulines Pub. House,
Date of publication, distribution, etc c1999
Date of manufacture (2000 printing)
300 ## - PHYSICAL DESCRIPTION
Extent 182 p. :
Other physical details ill. ;
Dimensions 21 cm.
504 ## - BIBLIOGRAPHY, ETC. NOTE
Bibliography, etc Includes bibliographical references (p. 174-180).
521 ## - TARGET AUDIENCE NOTE
Target audience note
526 ## - STUDY PROGRAM INFORMATION NOTE
Reading level 1210L to 1700L
541 ## - IMMEDIATE SOURCE OF ACQUISITION NOTE
-- 1
562 ## - COPY AND VERSION IDENTIFICATION NOTE
Number of copies For Circulation. 1 copy available in the collection
906 ## - LOCAL DATA ELEMENT F, LDF (RLIN)
a 7
b cbc
c origode
d 4
e ncip
f 19
g y-gencatlg
942 ## - ADDED ENTRY ELEMENTS (KOHA)
Source of classification or shelving scheme Library of Congress Classification
Koha item type Books
Call number prefix Filipininana
Holdings
Withdrawn status Lost status Source of classification or shelving scheme Damaged status Home library Current library Shelving location Date acquired Total Checkouts Full call number Barcode Date last seen Copy number Price effective from Koha item type
    Library of Congress Classification   College Library College Library Filipiniana Section 04/15/2013   BV4501.2 .An56 1999 c1365 05/08/2018 1 11/14/2013 Books

How to become a successful Filipino Christian :

APA

Andres T. Q. D., . (1999). How to become a successful Filipino Christian. Pasay City, Philippines: Paulines Pub. House.

Chicago

Andres Tomas Quintin D, . 1999. How to become a successful Filipino Christian. Pasay City, Philippines: Paulines Pub. House.

Harvard

Andres T. Q. D., . (1999). How to become a successful Filipino Christian. Pasay City, Philippines: Paulines Pub. House.

MLA

Andres Tomas Quintin D, . How to become a successful Filipino Christian. Pasay City, Philippines: Paulines Pub. House. 1999.

  • Place hold
  • Print
  • Cite
  • Add to your cart (remove)
  • Save record
    BIBTEX Dublin Core MARCXML MARC (non-Unicode/MARC-8) MARC (Unicode/UTF-8) MARC (Unicode/UTF-8, Standard) MODS (XML) RIS
  • More searches
    Search for this title in:
    Other Libraries (WorldCat) Other Databases (Google Scholar) Online Stores (Bookfinder.com) Open Library (openlibrary.org)

Exporting to Dublin Core...

SOUTHVILLE LIBRARY

Southville International School and Colleges Library

1281 Tropical Ave. Cor. Luxembourg St., BF Homes International, Las Pinas City

Tel. No. 8256374 / 252358 Loc. 117/146

Powered by Koha